The political philosophy of Spinoza

Guardat en:
Dades bibliogràfiques
Autor principal: McShea, Robert J. (autor)
Format: Llibre
Idioma:anglès
Publicat: Nueva York Columbia University 1968
Matèries:
Etiquetes: Afegir etiqueta
Sense etiquetes, Sigues el primer a etiquetar aquest registre!

MARC

LEADER 00000nam a2200000 a 4500
001 UCZ5448
003 CL-VaPUC
008 951117e19680000US |||||||||||||||||eng|d
082 0 4 |a 320.01  |b MCS  |2 21 
100 |a McShea, Robert J.  |e autor  |9 349477 
245 1 4 |a The political philosophy of Spinoza 
300 |a 214 p 
942 |c BK 
945 |d 19951117 00:00:00  |a lriquelm 
260 |a Nueva York  |b Columbia University  |c 1968 
600 0 7 |a SPINOZA, BENEDICTUS DE  |2 CL-VaPUC  |9 319727 
650 7 |a TEORIA POLITICA  |2 CL-VaPUC  |9 349478 
650 7 |a FILOSOFIA POLITICA  |2 CL-VaPUC  |9 349479 
650 0 |a Filosofía judía   |9 265155 
650 0 |a Metafísica  |9 265649 
650 0 |a Naturaleza humana   |9 308593 
650 0 |a Sociedad  |9 307903 
583 |a last modification  |c 19951117 00:00:00  |k Rodrigo Vera 
999 |c 241766  |d 241764 
952 |0 0  |1 0  |4 0  |6 320_010000000000000_MCS_1968  |7 0  |8 P  |9 254242  |a BIBEDU  |b BIBEDU  |c BIBEDU_PB  |d 2019-11-19  |i 1575899  |o 320.01 MCS 1968  |p 1575899  |r 2024-01-25  |w 2019-11-19  |y BK  |k FIL